Country Quiz: East Germany Stats

 Plays Quiz not verified by Sporcle

Challenge
Share
Tweet
Embed
Score 0/35 Timer 07:00
0 Plays Today
Hint Answer % Correct
Primary LanguageGerman
95.8%
Flag ColourRed
95.6%
Flag ColourBlack
94.9%
Bordering CountryWest Germany
87.3%
Reunification withWest Germany
87.3%
Bordering CountryPoland
85.3%
Primary ContinentEurope
81.2%
Flag ColourGold
78.8%
Most Popular SportSoccer
76.8%
Official NameGerman Democratic Republic
76.3%
Capital CityEast Berlin
75.9%
Drives on the...Right
74.7%
Nationality (Demonym)East German
72%
Bordering CountryCzechoslovakia
71.5%
Name of the Famous BorderBerlin Wall
68.5%
Flag SymbolHammer
67.3%
CurrencyEast German Mark
65.3%
Second Largest CityLeipzig
61.2%
Hint Answer % Correct
Official State Security ServiceMinistry for State Security
60%
Internet Country Code.dd (reserved)
49.9%
Longest RiverElbe
45%
# of Administrative Districts15
39.3%
Governing PartySocialist Unity Party of Germany
37.5%
National AnthemRisen from Ruins
32.9%
Flag SymbolCompass
32.2%
Largest IslandRügen
28.3%
ArmyNational People's Army
22.8%
Flag SymbolWreath
18.8%
LegislaturePeople's Chamber
15.9%
First Chairman of the Council of StateWilhelm Pieck
14.9%
Reunification Day03.10.1990
14.3%
Largest LakeMüritz
10.3%
Highest Point (1.214 m)Fichtelberg
6%
Last Chairman of the Council of StateManfred Gerlach
5.5%
Independece Day07.10.1949
5.1%

You're not logged in!

Compare scores with friends on all Sporcle quizzes.
Join for Free
OR
Log In

You Might Also Like...

Show Comments

Extras

Top Quizzes Today


Score Distribution

Your Account Isn't Verified!

In order to create a playlist on Sporcle, you need to verify the email address you used during registration. Go to your Sporcle Settings to finish the process.

Report this User

Report this user for behavior that violates our Community Guidelines.

Details: